| 000 | 00000nam##2200000za#4500 |
| 001 | 9.580949 |
| 003 | CaOODSP |
| 005 | 20231208112831 |
| 007 | cr ||||||||||| |
| 008 | 150406|2011||||xxc|||||o f|0| 0 eng|d |
| 040 | |aCaOODSP|beng |
| 043 | |an-cn--- |
| 086 | 1 |aPS83-5/R237E-PDF |
| 110 | 1 |aCorrectional Service Canada. |bResearch Branch. |
| 245 | 10|aAboriginal men : |h[electronic resource]|ba summary of the findings of the 2007 National Inmate Infectious Diseases and Risk-Behaviours Survey / |cPrepared by: Jennie Thompson. |
| 260 | |aOttawa - Ontario : |bCorrectional Service Canada. |cFebruary 2011. |
| 300 | |a1p. |
| 490 | 1 |aResearch at a glance|vR-237 |
| 590 | |a14-17-Supp|b2014-10-09 |
| 775 | 08|tSondage national de 2007 auprès des détenu(e)s sur les maladies infectieuses et les comportements à risque : |w(CaOODSP)9.607852 |
| 830 | #0|aResearch at a glance (Correctional Service Canada)|vR-237|w(CaOODSP)9.506649 |
| 856 | 40|ahttp://publications.gc.ca|qPDF|s152 KB|uhttps://publications.gc.ca/collections/collection_2014/scc-csc/PS83-5-R237-eng.pdf|yR-237 |